000 00357nam a22001217a 4500
040 _cHS
082 _a613
100 _aគួួយ សុផល
245 _aរុក្ខជាតិចង្រៃសំខាន់ៗនៅកម្ពុជា major weeds in cambodia
260 _aRUA
_b គួយ សុផល
_c1994
300 _a259p.
942 _cKB
999 _c8718
_d8718